Statistics for LGBT+ Flags

Click here to take the quiz!

General Stats

  • This quiz has been taken 157 times
  • The average score is 19 of 34

Answer Stats

Answer% Correct
Bisexual
98%
Lesbian
98%
Transgender
98%
Asexual
96%
Pansexual
94%
Non binary
89%
Aromantic
87%
Gay
85%
Ally
77%
Genderfluid
70%
Demisexual
69%
Intersex
69%
Bear
66%
Demigirl
66%
Demiboy
65%
Agender
63%
Demiromantic
63%
Polysexual
58%
Bigender
51%
Polyamorous
49%
Demigender
48%
Omnisexual
48%
Genderqueer
47%
Trigender
45%
Lipstick lesbian
43%
Twink
29%
Leather
24%
Genderflux
19%
Neutrois
19%
Drag
16%
Gay men
16%
Maverique
10%
Puppy
10%
Hijra
7%

Score Distribution

Percentile by Number Answered

Percent of People with Each Score

Your Score History

You have not taken this quiz